000 02098aam a2200337 i 4500
001 768714001
003 CO-MdFUSB
005 20240930161029.0
007 ta
008 240930t1996 sp |||| |||| 00| 0 spa d
020 _a8429312021
040 _cCO-MdFUSB
041 0 _aspa
_hger
082 0 4 _a262.13
_223
_bSCH312
100 1 _aSchatz, Klaus
_eautor
240 _aDer Papstliche Primat. Seine geschichte von der Ursprungen biz zur Gegenwart
245 1 3 _aEl primado del papa :
_bsu historia desde los orígenes hasta nuestros días
_c/ Klaus Schatz ; traducido por J. Santiago Madrigal
264 1 _bSal Terrae,
_aEspaña :
_c[1996]
264 4 _c©1996
300 _a253 páginas
_c; 22 cm
336 _atexto
_btxt
_2rdacontent
337 _2rdamedia
_asin mediación
_bn
338 _2rdacarrier
_avolumen
_bnc
490 _aPresencia teológica
505 _gPrimera parte:
_tLa evolución del primado en los cinco primeros siglos:
_a¿Cómo plantear correctamente la pregunta? -- Significado religioso y espiritual de la iglesia de Roma. -- Roma, lugar de una tradición privilegiada. -- Roma como centro de la "Comunnio". -- Del centro de la "Comunnio" a la dirección de la iglesia universal.
_gParte II:
_tUna función diferente de la unidad en Oriente y en Occidente:
_aPrimado y estructuras de la iglesia imperial durante los siglos V -IX. -- El primado en el devenir de Occidente.
_gParte III:
_tEl papado como cabeza de la iglesia y la cristiandad medievales:
_aEl marco histórico. -- Etapas de la idea del primado. -- El primado en relación con concilios y obispos. -- La crisis del primado en la Baja Edad Media.
_gParte IV:
_tEl primado como seña de identidad confesional en la época moderna:
_aDe la ruptura confesional a la Ilustración. -- De la Revolución Francesa al Vaticano I. -- El Concilio Vaticano I. -- Después de 1870: ¿sigue abierta la historia?
563 _aRústico
650 1 4 _aPapas - Primado \ Iglesia católica - Historia \ Papado - Historia
700 _aMadrigal, Santiago J.,
_910802
_etraductor
942 _cBK
945 _aJTF-925
999 _c44686
_d44686